[Event "Manaus op 2nd"]
[Site "Manaus"]
[Date "2023.10.12"]
[Round "3"]
[White "Da Silva, Mikhail Zoltan Iwan"]
[Black "Rodriguez Vila, Andres"]
[Result "0-1"]
[WhiteElo "2015"]
[BlackElo "2392"]
[PlyCount "58"]
[EventDate "2023.10.11"]
[EventType "swiss"]
[EventRounds "9"]
[EventCountry "BRA"]
[SourceTitle "Mega2024 Update 01"]
[Source "Chessbase"]
[SourceDate "2023.11.12"]
[SourceVersion "1"]
[SourceVersionDate "2023.11.12"]
[SourceQuality "1"]

1. e4 c5 2. Nc3 Nc6 3. g3 g6 4. Bg2 Bg7 5. Nge2 Rb8 6. a4 a6 7. 0-0 b5 8. axb5 axb5 9. d3 d6 10. Nd5 e6 11. Ne3 Nge7 12. c3 Qb6 13. Kh1 0-0 14. f4 f5 15. Bd2 b4 16. Nc4 Qc7 17. cxb4 cxb4 18. Qb3 Kh8 19. Rfc1 fxe4 20. dxe4 e5 21. Ne3 Qd7 22. Nd5 exf4 23. Bxf4 Nxd5 24. exd5 Ne7 25. Rc4 Bb7 26. Rxb4 Bxd5 27. Bxd5 Rb7 28. Rb5 Rxb5 29. Qb4 Rxb4 0-1

[Event "Manaus op 2nd"]
[Site "Manaus"]
[Date "2023.10.11"]
[Round "1"]
[White "Liborio, Cibelly Curte"]
[Black "Da Silva, Mikhail Zoltan Iwan"]
[Result "0-1"]
[WhiteElo "1056"]
[BlackElo "2015"]
[PlyCount "84"]
[EventDate "2023.10.11"]
[EventType "swiss"]
[EventRounds "9"]
[EventCountry "BRA"]
[SourceTitle "Mega2024 Update 01"]
[Source "Chessbase"]
[SourceDate "2023.11.12"]
[SourceVersion "1"]
[SourceVersionDate "2023.11.12"]
[SourceQuality "1"]

1. e4 c5 2. Nf3 e6 3. Nc3 Nc6 4. Bc4 a6 5. d3 b5 6. Bb3 d6 7. Ne2 Nf6 8. c3 Be7 9. Bc2 Qc7 10. d4 cxd4 11. Nexd4 Bb7 12. 0-0 0-0 13. Be3 Nxd4 14. cxd4 Bxe4 15. Bxe4 Nxe4 16. Qd3 Nf6 17. Rac1 Qb7 18. Qd2 Rfc8 19. Rxc8+ Rxc8 20. Rc1 Nd5 21. Rxc8+ Qxc8 22. Qc1 Qxc1+ 23. Bxc1 Nb4 24. Bd2 Nxa2 25. Ne1 Bf6 26. Be3 b4 27. Bd2 Bxd4 28. Nc2 Bxb2 29. Nxb4 Nxb4 30. Bxb4 d5 31. Kf1 e5 32. Ke2 f5 33. Kd3 Kf7 34. f3 Ke6 35. g3 e4+ 36. fxe4 fxe4+ 37. Ke3 Ke5 38. Bc5 d4+ 39. Kd2 Kd5 40. Bf8 g6 41. h4 e3+ 42. Ke2 Ke4 0-1

[Event "Amazonense-ch"]
[Site "Manaus"]
[Date "2018.12.??"]
[Round "6"]
[White "De Oliveira, Victor Gabriel C"]
[Black "Da Silva, Mikhail Zoltan Iwan"]
[Result "1/2-1/2"]
[WhiteElo "2109"]
[BlackElo "2056"]
[PlyCount "80"]
[EventDate "2018.12.01"]
[EventType "match"]
[EventRounds "9"]
[EventCountry "BRA"]
[SourceTitle "EXT 2022"]
[Source "ChessBase"]
[SourceDate "2021.10.06"]
[SourceVersion "1"]
[SourceVersionDate "2021.10.06"]
[SourceQuality "1"]

1. e4 c5 2. f4 e6 3. Nf3 d5 4. e5 Nc6 5. g3 Nge7 6. Bg2 h5 7. d3 Nf5 8. Nc3 Bd7 9. Qe2 Rc8 10. Nd1 Qa5+ 11. Bd2 Qb5 12. c3 Be7 13. 0-0 g6 14. b3 Bd8 15. Ne3 Nce7 16. c4 Qa6 17. Ng5 Nd4 18. Qf2 Bc6 19. Bc3 dxc4 20. Nxc4 Nef5 21. Ne4 Be7 22. Ncd6+ Bxd6 23. exd6 Bxe4 24. dxe4 Nxd6 25. Bxd4 cxd4 26. Qxd4 0-0 27. Rad1 Nb5 28. Qf6 Nc3 29. Rd2 Qb6+ 30. Kh1 Rfd8 31. Rdf2 Nd1 32. Re2 Ne3 33. Rfe1 Ng4 34. Qb2 Rd3 35. Bh3 Rcd8 36. f5 exf5 37. exf5 Rd1 38. Bxg4 hxg4 39. fxg6 Qxg6 40. Qc3 Qf5 1/2-1/2

[Event "BRA-ch 85th sf Reg2"]
[Site "Manaus"]
[Date "2018.11.03"]
[Round "4"]
[White "Da Silva, Mikhail Zoltan Iwan"]
[Black "Rocha, Vitor Firmo de Souz"]
[Result "1/2-1/2"]
[WhiteElo "2051"]
[BlackElo "2174"]
[PlyCount "95"]
[EventDate "2018.11.01"]
[EventType "swiss"]
[EventRounds "7"]
[EventCountry "BRA"]
[SourceTitle "CBM 189 Extra"]
[Source "ChessBase"]
[SourceDate "2019.06.03"]
[SourceVersion "1"]
[SourceVersionDate "2019.06.03"]
[SourceQuality "1"]

1. e4 c5 2. Nf3 e6 3. d4 cxd4 4. Nxd4 Nf6 5. Bd3 Nc6 6. Nb3 Be7 7. 0-0 0-0 8. Nc3 d6 9. Be3 e5 10. h3 Be6 11. f4 exf4 12. Bxf4 Rc8 13. Nd5 Bxd5 14. exd5 Nb4 15. c4 b5 16. cxb5 Nfxd5 17. Be4 Qb6+ 18. Kh1 Nxf4 19. Rxf4 Qxb5 20. Nd4 Qe5 21. Qf1 d5 22. Bf5 Rc4 23. Re1 Qc7 24. b3 g5 25. bxc4 gxf4 26. Qe2 Bg5 27. Qh5 h6 28. h4 Qxc4 29. Nf3 Nd3 30. Bxd3 Qxd3 31. hxg5 hxg5 32. Qxg5+ Qg6 33. Qxd5 Rc8 34. Qg5 Qxg5 35. Nxg5 Rc2 36. Ra1 Kg7 37. a4 Kf6 38. Nf3 Rc4 39. a5 Kf5 40. a6 f6 41. Kh2 Rb4 42. Kh3 Rb8 43. Ra5+ Ke4 44. Ra4+ Ke3 45. Ra3+ Ke4 46. Ra4+ Ke3 47. Ra3+ Ke4 48. Ra4+ 1/2-1/2

[Event "Manaus Amazonas-ch sf"]
[Site "Manaus"]
[Date "2018.09.06"]
[Round "3"]
[White "Da Paz, Leonardo Gadelha"]
[Black "Da Silva, Mikhail Zoltan Iwan"]
[Result "1-0"]
[WhiteElo "2079"]
[BlackElo "2149"]
[PlyCount "45"]
[EventDate "2018.09.05"]
[EventType "swiss"]
[EventRounds "6"]
[EventCountry "BRA"]
[SourceTitle "CBM 187 Extra"]
[Source "ChessBase"]
[SourceDate "2018.11.04"]
[SourceVersion "1"]
[SourceVersionDate "2018.11.04"]
[SourceQuality "1"]

1. d4 Nf6 2. c4 c6 3. Nf3 d5 4. e3 e6 5. Bd3 Nbd7 6. Nc3 dxc4 7. Bxc4 b5 8. Bd3 Bd6 9. 0-0 Bb7 10. e4 e5 11. d5 cxd5 12. Nxb5 Be7 13. exd5 Bxd5 14. Nc3 Bc6 15. Bd2 Bxf3 16. Qxf3 0-0 17. Rad1 Qb6 18. Rb1 Rfd8 19. Be3 Qb8 20. Bc4 Bb4 21. Rfc1 Bc5 22. Nd5 Bxe3 23. fxe3 1-0

[Event "Manaus Amazonas-ch"]
[Site "Manaus"]
[Date "2017.10.29"]
[Round "8"]
[White "Reis, Renan do Carmo"]
[Black "Da Silva, Mikhail Zoltan Iwan"]
[Result "1/2-1/2"]
[WhiteElo "2252"]
[BlackElo "2029"]
[PlyCount "103"]
[EventDate "2017.10.21"]
[EventType "swiss"]
[EventRounds "9"]
[EventCountry "BRA"]
[SourceTitle "CBM 181 Extra"]
[Source "ChessBase"]
[SourceDate "2017.12.12"]
[SourceVersion "1"]
[SourceVersionDate "2017.12.12"]
[SourceQuality "1"]

1. e4 c5 2. Nf3 e6 3. d4 cxd4 4. Nxd4 Nc6 5. Nc3 Nf6 6. Ndb5 Bb4 7. a3 Bxc3+ 8. Nxc3 d5 9. exd5 Nxd5 10. Bd2 0-0 11. Bd3 Nxc3 12. Bxc3 Qg5 13. Qe2 e5 14. 0-0 Bf5 15. Rad1 Rad8 16. b4 a6 17. Rfe1 Bxd3 18. Rxd3 Rxd3 19. Qxd3 Rd8 20. Qe4 h6 21. h3 f6 22. a4 Rd7 23. b5 axb5 24. axb5 Ne7 25. Bb4 Qf5 26. Qc4+ Kh7 27. g4 Qf3 28. Qe4+ Qxe4 29. Rxe4 Rd1+ 30. Re1 Rxe1+ 31. Bxe1 Kg8 32. c4 Kf7 33. Kf1 g6 34. Ke2 Ke6 35. Kd3 f5 36. f3 h5 37. Bb4 Nc8 38. Bc5 hxg4 39. fxg4 Kf6 40. Bb4 Kg5 41. gxf5 gxf5 42. Bc3 e4+ 43. Kd4 Kf4 44. h4 Kg4 45. Be1 b6 46. Ke5 e3 47. h5 Kxh5 48. Kxf5 Nd6+ 49. Ke5 Nxc4+ 50. Kd4 Na3 51. Kxe3 Nxb5 52. Kd3 1/2-1/2

[Event "Manaus Amazonas-ch"]
[Site "Manaus"]
[Date "2017.10.22"]
[Round "3"]
[White "Souza Neves, Andrey Marcelo"]
[Black "Da Silva, Mikhail Zoltan Iwan"]
[Result "0-1"]
[WhiteElo "2210"]
[BlackElo "2029"]
[PlyCount "88"]
[EventDate "2017.10.21"]
[EventType "swiss"]
[EventRounds "9"]
[EventCountry "BRA"]
[SourceTitle "CBM 181 Extra"]
[Source "ChessBase"]
[SourceDate "2017.12.12"]
[SourceVersion "1"]
[SourceVersionDate "2017.12.12"]
[SourceQuality "1"]

1. d4 Nf6 2. c4 c6 3. Nc3 d5 4. Nf3 e6 5. e3 Nbd7 6. Qc2 Bd6 7. Be2 dxc4 8. Bxc4 b5 9. Bd3 Bb7 10. Ne4 Bc7 11. Bd2 a5 12. b4 a4 13. Nc5 Nxc5 14. dxc5 0-0 15. Bc3 h6 16. 0-0-0 Qe7 17. Nd4 Nd5 18. Bd2 e5 19. Nf5 Qf6 20. g3 Bc8 21. e4 Bxf5 22. exf5 a3 23. Be4 Ra4 24. Qb3 Rd8 25. h4 Ba5 26. Bxd5 Rxd5 27. g4 Rxd2 28. Rxd2 Rxb4 29. Qxa3 Ra4 30. Qb2 Bxd2+ 31. Qxd2 Rxg4 32. Rh3 Rg1+ 33. Kb2 e4+ 34. Ka3 Qxf5 35. Rc3 Rb1 36. Rc2 Qf3+ 37. Qe3 Qf5 38. Rb2 Rd1 39. Kb4 Qd5 40. Rc2 Rd4+ 41. Ka5 Qd8+ 42. Ka6 Ra4+ 43. Kb7 Qd7+ 44. Kb8 Ra7 0-1

[Event "Manaus Regional Norte-ch"]
[Site "Manaus"]
[Date "2017.09.09"]
[Round "5"]
[White "Mousse Neto, Sebastiao Alberto"]
[Black "Da Silva, Mikhail Zoltan Iwan"]
[Result "0-1"]
[WhiteElo "2091"]
[BlackElo "2006"]
[PlyCount "83"]
[EventDate "2017.09.07"]
[EventType "swiss"]
[EventRounds "7"]
[EventCountry "BRA"]
[SourceTitle "CBM 180 Extra"]
[Source "ChessBase"]
[SourceDate "2017.10.06"]
[SourceVersion "1"]
[SourceVersionDate "2017.10.06"]
[SourceQuality "1"]

1. d4 Nf6 2. c4 c6 3. Nc3 d5 4. Nf3 e6 5. e3 Nbd7 6. Qc2 Bd6 7. Bd3 dxc4 8. Bxc4 b5 9. Be2 Bb7 10. a3 a6 11. e4 e5 12. 0-0 0-0 13. Rd1 Qc7 14. h3 Rfe8 15. dxe5 Nxe5 16. Bg5 Nxf3+ 17. Bxf3 Be5 18. Rd3 Rad8 19. Rad1 h6 20. Be3 Rxd3 21. Rxd3 c5 22. Nd5 Nxd5 23. exd5 c4 24. Rd1 Qd6 25. b4 Bc8 26. Be4 Qf6 27. Kf1 Bd7 28. Re1 Bb2 29. Bc1 Bxc1 30. Rxc1 Qe5 31. Bh7+ Kh8 32. Kg1 g6 33. Bxg6 fxg6 34. Qxg6 Qg5 35. Qc2 Bxh3 36. Qc3+ Kg8 37. g3 Qxd5 38. f3 Qe5 39. Qxe5 Rxe5 40. Kf2 Rf5 41. f4 Rf7 42. a4 0-1

[Event "Manaus Regional Norte-ch"]
[Site "Manaus"]
[Date "2017.09.07"]
[Round "1"]
[White "Da Silva, Vitoria Aparecida V"]
[Black "Da Silva, Mikhail Zoltan Iwan"]
[Result "0-1"]
[WhiteElo "1370"]
[BlackElo "2006"]
[PlyCount "46"]
[EventDate "2017.09.07"]
[EventType "swiss"]
[EventRounds "7"]
[EventCountry "BRA"]
[SourceTitle "CBM 180 Extra"]
[Source "ChessBase"]
[SourceDate "2017.10.06"]
[SourceVersion "1"]
[SourceVersionDate "2017.10.06"]
[SourceQuality "1"]

1. e4 e6 2. Nf3 d5 3. e5 c5 4. c3 Qa5 5. Be2 Nc6 6. 0-0 c4 7. Re1 Nge7 8. Bf1 Ng6 9. d4 cxd3 10. Qxd3 Qc7 11. Qe2 Be7 12. g3 b6 13. Bg2 a5 14. a4 Ba6 15. Qe3 h6 16. b3 Bc5 17. Qd2 Rd8 18. Qb2 0-0 19. Nbd2 d4 20. cxd4 Nxd4 21. Qc3 Ne2+ 22. Rxe2 Bxf2+ 23. Rxf2 Qxc3 0-1

[Event "Santarem Alter do Chao op"]
[Site "Santarem"]
[Date "2017.08.13"]
[Round "6"]
[White "Arruda Filho, Ivo Pereira de"]
[Black "Da Silva, Mikhail Zoltan Iwan"]
[Result "0-1"]
[WhiteElo "1775"]
[BlackElo "1988"]
[PlyCount "43"]
[EventDate "2017.08.11"]
[EventType "swiss"]
[EventRounds "6"]
[EventCountry "BRA"]
[SourceTitle "CBM 180 Extra"]
[Source "ChessBase"]
[SourceDate "2017.10.06"]
[SourceVersion "1"]
[SourceVersionDate "2017.10.06"]
[SourceQuality "1"]

1. Nf3 d5 2. d4 Nf6 3. e3 Bf5 4. Bd3 Bxd3 5. cxd3 c6 6. 0-0 e6 7. Nc3 c5 8. dxc5 Bxc5 9. d4 Bd6 10. Qb3 b6 11. Bd2 0-0 12. Nb5 Be7 13. Rac1 Nbd7 14. Rc2 a6 15. Nc3 b5 16. Ne5 Nxe5 17. dxe5 Nd7 18. Ne2 Nxe5 19. Nd4 Qd7 20. f4 Nc4 21. a3 Rac8 22. Rfc1 0-1

[Event "Santarem Alter do Chao op"]
[Site "Santarem"]
[Date "2017.08.13"]
[Round "5"]
[White "El Debs, Felipe de Cresce"]
[Black "Da Silva, Mikhail Zoltan Iwan"]
[Result "1-0"]
[WhiteElo "2531"]
[BlackElo "1988"]
[PlyCount "70"]
[EventDate "2017.08.11"]
[EventType "swiss"]
[EventRounds "6"]
[EventCountry "BRA"]
[SourceTitle "CBM 180 Extra"]
[Source "ChessBase"]
[SourceDate "2017.10.06"]
[SourceVersion "1"]
[SourceVersionDate "2017.10.06"]
[SourceQuality "1"]

1. e4 c5 2. Nf3 Nc6 3. Bb5 a6 4. Bxc6 dxc6 5. h3 Qc7 6. 0-0 e5 7. d3 h6 8. Bd2 Be6 9. a4 Bd6 10. Na3 Ne7 11. b3 Ng6 12. Nc4 Bxc4 13. bxc4 0-0 14. Nh2 f5 15. Qh5 Nf4 16. Bxf4 exf4 17. Rfe1 fxe4 18. Rxe4 Qf7 19. Qxf7+ Rxf7 20. Rb1 b5 21. Re6 Rf6 22. Rxf6 gxf6 23. cxb5 cxb5 24. axb5 axb5 25. Rxb5 Ra1+ 26. Nf1 Ra2 27. Nd2 Rxc2 28. Ne4 Rc1+ 29. Kh2 Be5 30. Rxc5 f3+ 31. g3 Ra1 32. Rd5 Kf7 33. h4 Ke6 34. Rc5 Bd6 35. Rc6 Kd7 1-0

[Event "Santarem Alter do Chao op"]
[Site "Santarem"]
[Date "2017.08.12"]
[Round "3"]
[White "Navarro, Luis Flavio Cunha"]
[Black "Da Silva, Mikhail Zoltan Iwan"]
[Result "0-1"]
[WhiteElo "1952"]
[BlackElo "1988"]
[PlyCount "106"]
[EventDate "2017.08.11"]
[EventType "swiss"]
[EventRounds "6"]
[EventCountry "BRA"]
[SourceTitle "CBM 180 Extra"]
[Source "ChessBase"]
[SourceDate "2017.10.06"]
[SourceVersion "1"]
[SourceVersionDate "2017.10.06"]
[SourceQuality "1"]

1. c4 e5 2. g3 Nf6 3. Bg2 d5 4. cxd5 Nxd5 5. Nf3 Nc6 6. 0-0 Be7 7. d4 e4 8. Ne5 f5 9. Nxc6 bxc6 10. Qc2 Qd6 11. b3 Qf6 12. Ba3 0-0 13. Bxe7 Nxe7 14. Rd1 a5 15. Nc3 Rd8 16. e3 Ba6 17. Na4 Nd5 18. a3 Bd3 19. Qd2 Bb5 20. Nc5 a4 21. bxa4 Bxa4 22. Rdb1 Ra7 23. Bf1 Qe7 24. Qc1 Qe8 25. Bc4 Bb5 26. Ba2 Kh8 27. a4 Be2 28. Bc4 Bf3 29. a5 h5 30. a6 Nb6 31. h4 Rd6 32. Na4 g5 33. Nxb6 cxb6 34. Rxb6 gxh4 35. d5 hxg3 36. Qc3+ Kh7 37. Rb7+ Rxb7 38. axb7 gxf2+ 39. Kxf2 Qe7 40. Ke1 Qxb7 41. Qd4 Qb4+ 42. Kf2 Rd7 43. Ra8 Rg7 44. Ra7 Rxa7 45. Qxa7+ Kg6 46. Qa2 cxd5 47. Bxd5 Qe7 48. Qa6+ Qf6 49. Qc4 Qb2+ 50. Ke1 Qh2 51. Bg8 Qb2 52. Kf1 Qg2+ 53. Ke1 Kg5 0-1

[Event "Manaus Amazonia-ch"]
[Site "Manaus"]
[Date "2017.04.14"]
[Round "3"]
[White "Souza Neves, Andrey Marcelo"]
[Black "Da Silva, Mikhail Zoltan Iwan"]
[Result "0-1"]
[WhiteElo "2163"]
[BlackElo "1950"]
[PlyCount "136"]
[EventDate "2017.04.13"]
[EventType "swiss"]
[EventRounds "7"]
[EventCountry "BRA"]
[SourceTitle "CBM 177 Extra"]
[Source "ChessBase"]
[SourceDate "2017.04.27"]
[SourceVersion "1"]
[SourceVersionDate "2017.04.27"]
[SourceQuality "1"]

1. d4 Nf6 2. c4 e6 3. Nc3 Bb4 4. e3 b6 5. Nge2 Bb7 6. a3 Be7 7. Nf4 d5 8. cxd5 Nxd5 9. Ncxd5 exd5 10. Bb5+ c6 11. Ba4 Nd7 12. 0-0 Nf6 13. Bc2 0-0 14. b4 a5 15. Bd2 axb4 16. Bxb4 Bxb4 17. axb4 Qd6 18. Qd3 g6 19. Qc3 Ba6 20. Rfd1 Ne4 21. Bxe4 dxe4 22. h4 Bb5 23. Rac1 Rfc8 24. d5 c5 25. bxc5 Rxc5 26. Qb2 Rac8 27. Rxc5 Rxc5 28. Ra1 Bd7 29. Ra8+ Rc8 30. Ra7 Rb8 31. Qd4 b5 32. h5 g5 33. Rxd7 Qxd7 34. h6 f6 35. Qxf6 gxf4 36. Qg5+ Kf7 37. Qxf4+ Ke7 38. Qe5+ Kf7 39. Qxb8 Qxd5 40. Qc8 Ke7 41. Qg4 b4 42. Qg7+ Kd6 43. g4 Qd1+ 44. Kh2 b3 45. Qf8+ Kc6 46. Qa8+ Kb5 47. Qxe4 Qc2 48. Qe5+ Kb4 49. Qd6+ Kb5 50. Qd5+ Kb4 51. Qd6+ Kb5 52. Qb8+ Kc4 53. Qf4+ Kd3 54. Qd4+ Ke2 55. e4 b2 56. Qe3+ Kd1 57. Qf3+ Ke1 58. Qe3+ Kd1 59. Qf3+ Kc1 60. Qe3+ Qd2 61. Qc5+ Kd1 62. Qb6 Ke1 63. Qb5 Qxf2+ 64. Kh3 Qf1+ 65. Qxf1+ Kxf1 66. Kg3 b1Q 67. Kf4 Qc1+ 68. Kf5 Qxh6 0-1

[Event "Belem FEXPA op 1st"]
[Site "Belem"]
[Date "2017.02.03"]
[Round "1"]
[White "De Vilhena, Cleriston Mubarak T"]
[Black "Da Silva, Mikhail Zoltan Iwan"]
[Result "1/2-1/2"]
[WhiteElo "1818"]
[BlackElo "1939"]
[PlyCount "65"]
[EventDate "2017.02.03"]
[EventType "swiss"]
[EventRounds "6"]
[EventCountry "BRA"]
[SourceTitle "CBM 176 Extra"]
[Source "ChessBase"]
[SourceDate "2017.03.02"]
[SourceVersion "1"]
[SourceVersionDate "2017.03.02"]
[SourceQuality "1"]

1. d4 Nf6 2. c4 e6 3. Nc3 d5 4. Bg5 c6 5. Nf3 Bb4 6. e3 Qa5 7. Qc2 Ne4 8. Rc1 Qxa2 9. cxd5 Bxc3+ 10. bxc3 Qxc2 11. Rxc2 exd5 12. Bf4 b5 13. Bd3 Nf6 14. 0-0 0-0 15. Bd6 Re8 16. Ne5 Nfd7 17. Nf3 Nb6 18. Nd2 Nc4 19. Nxc4 dxc4 20. Be2 Nd7 21. Bf3 Bb7 22. Ra1 f5 23. Rca2 a6 24. g3 g6 25. Bg2 Re6 26. Bc5 Nf6 27. Ra3 Kf7 28. Kf1 h5 29. h4 Nd7 30. Bb4 Rb8 31. R3a2 Nf6 32. Bf3 Kg7 33. Kg1 1/2-1/2

[Event "Amazonense-ch"]
[Site "Manaus"]
[Date "2016.10.16"]
[Round "3.1"]
[White "Da Silva, Mikhail Zoltan Iwan"]
[Black "De Oliveira Freitas, Reinier Alex"]
[Result "1-0"]
[WhiteElo "1922"]
[BlackElo "1861"]
[PlyCount "62"]
[EventDate "2016.10.15"]
[EventType "tourn"]
[EventRounds "8"]
[EventCountry "BRA"]
[SourceTitle "EXT 2022"]
[Source "ChessBase"]
[SourceDate "2021.10.06"]
[SourceVersion "1"]
[SourceVersionDate "2021.10.06"]
[SourceQuality "1"]

1. e4 c6 2. d4 d5 3. e5 e6 4. Bd3 c5 5. c3 cxd4 6. cxd4 Bb4+ 7. Nc3 Nc6 8. Qg4 g6 9. h4 a6 10. h5 Nxe5 11. dxe5 d4 12. hxg6 fxg6 13. Bxg6+ hxg6 14. Rxh8 Kf7 15. Rh7+ Kf8 16. Qxg6 Qd7 17. Rxd7 Bxd7 18. Qg4 Bc5 19. Ne4 Rc8 20. Bd2 Be7 21. Rc1 Rxc1+ 22. Bxc1 d3 23. Qf3+ Ke8 24. Qxd3 Bb5 25. Nd6+ Bxd6 26. Qxd6 Kf7 27. Bg5 Bc6 28. Nh3 Bxg2 29. Nf4 Bd5 30. Nxd5 exd5 31. Qxd5+ Kg7 1-0

[Event "Manaus Amazonas-ch"]
[Site "Manaus"]
[Date "2016.09.09"]
[Round "1"]
[White "Lima, Miguel Costa Novo"]
[Black "Da Silva, Mikhail Zoltan Iwan"]
[Result "0-1"]
[WhiteElo "1781"]
[BlackElo "1936"]
[PlyCount "64"]
[EventDate "2016.09.09"]
[EventType "swiss"]
[EventRounds "7"]
[EventCountry "BRA"]
[SourceTitle "CBM 174 Extra"]
[Source "ChessBase"]
[SourceDate "2016.10.10"]
[SourceVersion "1"]
[SourceVersionDate "2016.10.10"]
[SourceQuality "1"]

1. d4 d5 2. Bf4 c5 3. c3 Nc6 4. dxc5 a5 5. e3 Bf5 6. Bd3 Bxd3 7. Qxd3 e5 8. Bxe5 Nxe5 9. Qb5+ Qd7 10. Qxd7+ Nxd7 11. Nf3 Bxc5 12. 0-0 Ngf6 13. Nd4 0-0 14. b4 axb4 15. cxb4 Bxb4 16. Nc2 Bd6 17. Nba3 Bxa3 18. Nxa3 Rxa3 19. Rab1 b6 20. g3 Rxa2 21. f3 Rc8 22. Rfc1 Rc4 23. e4 Rxc1+ 24. Rxc1 dxe4 25. Rc8+ Nf8 26. fxe4 Nxe4 27. Rc6 b5 28. Rb6 Rb2 29. Kf1 b4 30. Ke1 b3 31. Kd1 Nc3+ 32. Kc1 Rc2# 0-1

[Event "BRA-ch Amateur U2000"]
[Site "Sao Paulo"]
[Date "2016.05.28"]
[Round "6"]
[White "Pritsopoulos, Constantino Demetri"]
[Black "Da Silva, Mikhail Zoltan Iwan"]
[Result "1-0"]
[WhiteElo "1954"]
[BlackElo "1939"]
[PlyCount "103"]
[EventDate "2016.05.26"]
[EventType "swiss"]
[EventRounds "7"]
[EventCountry "BRA"]
[SourceTitle "EXT 2019"]
[Source "ChessBase"]
[SourceDate "2018.10.10"]
[SourceVersion "1"]
[SourceVersionDate "2018.10.10"]
[SourceQuality "1"]

1. e4 c5 2. Nf3 d6 3. d4 cxd4 4. Qxd4 Nc6 5. Bb5 Bd7 6. Bxc6 Bxc6 7. Nc3 Nf6 8. Bg5 e6 9. 0-0-0 Be7 10. Rhe1 Qa5 11. Kb1 0-0 12. Qd2 Qc7 13. Nd4 Rfd8 14. f3 a6 15. g4 b5 16. Nxc6 Qxc6 17. Ne2 b4 18. Qxb4 Rab8 19. Qc3 Qb5 20. Bc1 Rdc8 21. Qd3 Qb6 22. b3 Nd7 23. Bb2 Nc5 24. Qd4 e5 25. Qf2 a5 26. Nc3 Qd8 27. Qe2 a4 28. Rd5 axb3 29. cxb3 Qb6 30. Red1 h6 31. R5d2 Qb7 32. Nd5 Bf8 33. Ne3 Qa7 34. Nc4 Ra8 35. Ba3 d5 36. Bxc5 Bxc5 37. Rxd5 f6 38. Nd6 Rcb8 39. R1d2 Rxb3+ 40. axb3 Qa1+ 41. Kc2 Qa2+ 42. Kc3 Bd4+ 43. R5xd4 exd4+ 44. Kxd4 Qa7+ 45. Kc3 Qa5+ 46. b4 Qa3+ 47. Kc4 Ra7 48. Nb5 Qa6 49. Rd6 Rc7+ 50. Kb3 Rc6 51. Rxc6 Qxc6 52. Qc4+ 1-0

[Event "Manaus FAX GM do Spassky 1st"]
[Site "Manaus"]
[Date "2016.04.10"]
[Round "6.2"]
[White "Farias, Igor Borge Cardoso"]
[Black "Da Silva, Mikhail Zoltan Iwan"]
[Result "1/2-1/2"]
[WhiteElo "1854"]
[BlackElo "1939"]
[PlyCount "88"]
[EventDate "2016.03.26"]
[EventType "swiss"]
[EventRounds "6"]
[EventCountry "BRA"]
[SourceTitle "EXT 2022"]
[Source "ChessBase"]
[SourceDate "2021.10.06"]
[SourceVersion "1"]
[SourceVersionDate "2021.10.06"]
[SourceQuality "1"]

1. c4 e5 2. g3 Nf6 3. Bg2 d5 4. cxd5 Nxd5 5. Nc3 Nb6 6. Nf3 Nc6 7. 0-0 Be7 8. a3 Be6 9. b4 a6 10. Bb2 f5 11. d3 0-0 12. Rc1 Bf6 13. e3 Qe7 14. Qc2 Rad8 15. Rfd1 Qf7 16. Qe2 Rd7 17. Ne1 Rfd8 18. Nc2 Bb3 19. Bf1 g6 20. Qe1 Ne7 21. Nb1 h5 22. Nd2 Ba4 23. Nf3 Nc6 24. Be2 Qa2 25. Bc3 Nd5 26. Ra1 Qxc2 27. Rdc1 Nxe3 28. Rxc2 Nxc2 29. Qc1 Nxa1 30. Qxa1 Nd4 31. Nxd4 exd4 32. Qa2+ Kg7 33. Bd2 Bc6 34. Qc2 Re8 35. Qd1 Rde7 36. Bf3 Re6 37. Kg2 R8e7 38. h4 Kf7 39. Qb3 Bxf3+ 40. Kxf3 Kg7 41. b5 Rb6 42. a4 axb5 43. a5 Ra6 44. Qxb5 c6 1/2-1/2

[Event "Manaus FAX GM do Spassky 1st"]
[Site "Manaus"]
[Date "2016.04.03"]
[Round "4.4"]
[White "Rodolpho Filho, Joao"]
[Black "Da Silva, Mikhail Zoltan Iwan"]
[Result "0-1"]
[WhiteElo "1429"]
[BlackElo "1939"]
[PlyCount "146"]
[EventDate "2016.03.26"]
[EventType "swiss"]
[EventRounds "6"]
[EventCountry "BRA"]
[SourceTitle "EXT 2022"]
[Source "ChessBase"]
[SourceDate "2021.10.06"]
[SourceVersion "1"]
[SourceVersionDate "2021.10.06"]
[SourceQuality "1"]

1. e4 c5 2. Nf3 Nc6 3. d4 cxd4 4. Nxd4 e6 5. Nc3 Bb4 6. Nxc6 bxc6 7. Bd2 d5 8. exd5 cxd5 9. Bb5+ Bd7 10. Bxd7+ Qxd7 11. 0-0 Nf6 12. Re1 Be7 13. h3 Rb8 14. Rb1 0-0 15. a3 Rfc8 16. Be3 Rb7 17. Bd4 Ne8 18. Qe2 Bf6 19. Bxf6 Nxf6 20. Red1 Qc6 21. Qd2 Rcb8 22. b4 a6 23. Rb2 Nd7 24. Rdb1 Ne5 25. Qd4 Nc4 26. Rb3 Nd6 27. Qd3 Nc4 28. a4 d4 29. b5 axb5 30. Nxb5 Rd8 31. Rb4 Ne5 32. Nxd4 Rxb4 33. Rxb4 Qc7 34. Qg3 Qc5 35. Qb3 h6 36. c3 Ng6 37. Rb8 Rxb8 38. Qxb8+ Kh7 39. Qb4 Qd5 40. a5 Nf4 41. f3 e5 42. Qb1+ g6 43. Nb5 Qc5+ 44. Kh2 Qf2 45. Qg1 Qa2 46. Nd6 Qxa5 47. Nxf7 Qc7 48. Nxe5 Qxe5 49. Qa7+ Kg8 50. Qa8+ Kf7 51. Qa7+ Kf6 52. Qd4 Ne2+ 53. Qxe5+ Kxe5 54. c4 Kd4 55. c5 Kxc5 56. g3 Kd4 57. Kg2 Ke3 58. h4 Nd4 59. f4 h5 60. Kh3 Kf3 61. Kh2 Nf5 62. Kh3 Nxg3 63. Kh2 Kxf4 64. Kh3 Nf5 65. Kg2 Nxh4+ 66. Kh3 g5 67. Kh2 g4 68. Kg1 Nf5 69. Kg2 h4 70. Kh2 h3 71. Kg1 g3 72. Kh1 Nh4 73. Kg1 Nf3+ 0-1